Inovatívny prístup k analýze a spracovaniu dát v ERP systéme
Na minha lista:
| Autor principal: | |
|---|---|
| Outros Autores: | |
| Formato: | Manuscrito Livro |
| Idioma: | eslovaco |
| Publicado em: |
Bratislava :
STU v Bratislave FEI,
2023
|
| Assuntos: | |
| Acesso em linha: | https://opac.crzp.sk/?fn=detailBiblioFormChildWGA6N&sid=C0DEB8E07572332BA92B0215805F&seo=CRZP-detail-kniha |
| Tags: |
Sem tags, seja o primeiro a adicionar uma tag!
|
MARC
| LEADER | 00000ntm a22000003a 4500 | ||
|---|---|---|---|
| 001 | stuzp91961 | ||
| 003 | SK-STU | ||
| 005 | 20241127130839.1 | ||
| 007 | ta | ||
| 008 | 150427s2015----xo-----f-mn---000-0-slo-d | ||
| 040 | |a STU |b slo | ||
| 041 | 0 | |a slo | |
| 044 | |a xo | ||
| 100 | 1 | |a Galčík, Alex |u 031000 |4 aut |U FEI Fakulta elektrotechniky a informatiky |T FEI Ústav robotiky a kybernetiky |X 98328 |U E011 |Y 356 |7 98328 | |
| 242 | 0 | 1 | |a An Innovative Approach to Data Analysis and Processing in an ERP System |y eng |
| 245 | 1 | 0 | |a Inovatívny prístup k analýze a spracovaniu dát v ERP systéme |
| 260 | |a Bratislava : |b STU v Bratislave FEI, |c 2023 | ||
| 300 | |a 67 s. | ||
| 650 | 4 | |a ERP softvér |2 slo | |
| 650 | 4 | |a návrh architektúry ERP |2 slo | |
| 650 | 4 | |a procesné mapy |2 slo | |
| 650 | 4 | |a ERP moduly |2 slo | |
| 650 | 4 | |a cloudové riešenie |2 slo | |
| 650 | 4 | |a analýza ERP |2 slo | |
| 650 | 4 | |a PLM |2 slo | |
| 650 | 4 | |a ERP software |2 eng | |
| 650 | 4 | |a ERP architecture design |2 eng | |
| 650 | 4 | |a process maps |2 eng | |
| 650 | 4 | |a ERP modules |2 eng | |
| 650 | 4 | |a cloud solution |2 eng | |
| 650 | 4 | |a ERP analysis |2 eng | |
| 650 | 4 | |a PLM |2 eng | |
| 700 | 1 | |a Duchoň, František |u 031000 |k Z1 |4 ths |U FEI Fakulta elektrotechniky a informatiky |T FEI Ústav robotiky a kybernetiky |X 10329 |U E011 |Y 356 |7 A000010329 | |
| 856 | 4 | |u https://opac.crzp.sk/?fn=detailBiblioFormChildWGA6N&sid=C0DEB8E07572332BA92B0215805F&seo=CRZP-detail-kniha | |